Schools Business Plan Writing Handbook: (Record no. 1142)

MARC details
000 -LEADER
fixed length control field 00423nam a22001217a 4500
008 - FIXED-LENGTH DATA ELEMENTS--GENERAL INFORMATION
fixed length control field 230614b xxu||||| |||| 00| 0 eng d
020 ## - INTERNATIONAL STANDARD BOOK NUMBER
International Standard Book Number 978-9966-008-57-2
082 ## - DEWEY DECIMAL CLASSIFICATION NUMBER
Classification number 808
Item number CHI 2011
245 ## - TITLE STATEMENT
Title Schools Business Plan Writing Handbook:
Remainder of title Step-by-step methodology of Writing a business plan for a school
Statement of responsibility, etc. John Chikati
260 ## - PUBLICATION, DISTRIBUTION, ETC. (IMPRINT)
Place of publication, distribution, etc. Nairobi, Kenya
Name of publisher, distributor, etc. REPARED Publishing Department
Date of publication, distribution, etc. 2011
300 ## - PHYSICAL DESCRIPTION
Extent ix, 72p
942 ## - ADDED ENTRY ELEMENTS (KOHA)
Source of classification or shelving scheme Dewey Decimal Classification
Koha item type Books
Holdings
Withdrawn status Lost status Source of classification or shelving scheme Damaged status Not for loan Home library Current library Shelving location Date acquired Total Checkouts Full call number Barcode Date last seen Price effective from Koha item type
    Dewey Decimal Classification     Bunge Tower Library Bunge Tower Library General Stacks 06/12/2023   808 CHI 2011 20230023 06/14/2023 06/14/2023 Books
LIBRARY OPENING HOURS

When the Parliament is sitting: 8.00a.m - 7.00p.m or until the house adjourns
Mondays and Fridays and when the House is on Recess:  8.00a.m - 5.00p.m
Closed on Weekends and Public Holidays

Online Public Access Catalog (OPAC)
Website: http://www.parliament.go.ke
Bunge Library: https://libraryir.parliament.go.ke
Contact: library@parliament.go.ke | Tel no: (254-2)2221291 or 2848000 Ext 5043